[Event "IECC P email"]
[Site "IECC email"]
[Date "1999.12.21"]
[Round "?"]
[White "Cochrane, James"]
[Black "Zirians, Simon"]
[Result "0-1"]
[WhiteElo "1374"]
[BlackElo "1598"]
[PlyCount "40"]
[EventDate "1999.??.??"]
[EventType "tourn (corr)"]
[EventRounds "6"]
[SourceTitle "Corr 2008"]
[Source "ChessBase"]
[SourceDate "2008.06.24"]
[SourceVersion "1"]
[SourceVersionDate "2008.06.24"]
[SourceQuality "1"]

1. e4 c6 2. d4 d5 3. e5 Bf5 4. Nc3 e6 5. g4 Bg6 6. h4 h5 7. g5 Bb4 8. Bd3 Ne7 9. f4 c5 10. dxc5 Nf5 11. Bd2 Nc6 12. Nf3 0-0 13. Na4 Ne3 14. Qc1 Qa5 15. Bxg6 fxg6 16. c3 Rxf4 17. b3 Ba3 18. Qb1 Rxf3 19. Ke2 Nd4+ 20. cxd4 Rf2+ 0-1